00617 2200205 4500001002100000005001700021008004100038020001400079035002500093082001300118090002100131245010300152260004100255300002900296500002900325650001300354700001600367850001200383990001600395YOGYA-0209000000786420150414093150.0 ind  a1655-5252 a0010-020900000007864 a332.0415 aRT 332.0415bRev aA REVIEW of commitment savings products in developing countries Juli 2003cNava Ashraf ... [et al] aManilabAsian Development Bankc2003 avii, 37 hlmbilusc28 cm aBibliografi : hlm. 26-27 aMenabung aAhraf, Nova aYOPDYOG a861-PD/A.04